000 00662nam a22002057a 4500
003 OSt
005 20251204100815.0
008 251204b |||||||| |||| 00| 0 eng d
020 _a1-932610-21-9.
040 _aDWC-Main lib.
_cOC
082 _aCirc. 616.4 Ed22d 2007
100 _aEdelman, Steven B.
245 _aDiagnosis and management of type 2 diabetes/
_cSteven B. Edelman
260 _aN. Y. :
_bProfessional Communications, Inc.,
_cc2007.
300 _axiii, 415 p. :
_billustrations ;
_c19 cm.
504 _aIncludes bibliographical references and index.
650 _a1. Diabetes.
700 _aHenry, Robert R.
942 _2ddc
_cBK-CIRC
_kCirc.
_n0
999 _c6793
_d6793